| 000 | 00951nam a2200241 a 4500 | ||
|---|---|---|---|
| 001 | 000898108 | ||
| 003 | AM-YEHGA | ||
| 005 | 20250618080019.0 | ||
| 008 | 120611s2011 ai r 000 0 arm d | ||
| 020 | _a9789939832319 | ||
| 040 | _aAM-YeHGA | ||
| 041 | 0 | _aarm | |
| 100 | 1 |
_aԻսահակյան, Վիգեն Ավետիքի, _d1910-2005 _92026 |
|
| 245 | 1 | 0 |
_aՀայրս : _b[Հուշագրություն] / _cՎ. Իսահակյան; Կազմ., խմբ. . առաջաբ.՝ Ա. Իսահակյան. |
| 250 | _a2-դ վերախմբ. հրատ. | ||
| 260 |
_aԵրևան : _bԳասպրինտ, _c2011. |
||
| 300 |
_a516 էջ : _bգուն. լուսանկ. ; _c21 սմ. |
||
| 600 | 1 | 4 |
_aԻսահակյան, Ավետիք Սահակի, _d1875-1957 _9963 |
| 650 | 1 | 4 |
_aՀայ հուշագրություն _95766 |
| 700 | 1 |
_aԻսահակյան, Ավիկ Վիգենի, _d1944- _eԿազմ.,առաջաբ.,խմբ. _4com _4aui _4edt _9964 |
|
| 090 | _c522643 | ||
| 942 | 0 | 0 | _02 |
| 999 |
_c519081 _d519081 |
||